| 000 | 00903cam a2200229 4500 | ||
|---|---|---|---|
| 001 | ABS61568 | ||
| 008 | 000000n1999 000 0 eng u | ||
| 035 | _a(Sirsi) u102336 | ||
| 100 | _aHastie, R. | ||
| 245 | _aWoolf's Millennium Bug | ||
| 260 | _c1999 | ||
| 490 |
_aEstates Gazette _v(9941) 16 October 1999, 155(1) |
||
| 520 | _aExplains the situation with regard to civil actions issued before the Civil Procedure Rules came into effect, which will automatically be stayed on 26 April 2000. Suggests ways of avoiding the stay by either concluding negotiations by the cut-off date, or applying for the case to be governed by the CPR. | ||
| 590 | _aABS | ||
| 650 | _aCIVIL PROCEDURE RULES | ||
| 650 | _aLANDLORD AND TENANT ACT 1954 | ||
| 650 | _aSTAY OF PROCEEDINGS | ||
| 650 | _aLEASE RENEWALS | ||
| 650 |
_aDilapidations _96235 |
||
| 690 | _aPROPERTY-LANDLORD AND TENANT | ||
| 942 | _n0 | ||
| 999 |
_c61360 _d61360 |
||